00992nam a22002297i 4500999001700000003000900017008004100026020002200067040007100089082002200160110002600182245004700208260003700255300003200292505013600324710002600460856002600486942001600512945002100528952011200549952010100661  c23467d23467AR-CdUCM260121b20222022 pe||||| |||| 00| 0 spa d  a978-9962-04-925-8  aMUNICIPALIDAD PROVINCIAL DEL CUSCOcBIBLIOTECA MUNICIPAL DEL CUSCO  aES / 590.3 /bL11  aLexus Editores918613  aLa enciclopedia infantil de los animales /  aIndia :bLexsus Editores :c2022  a187 páginas. :c29x22 cm.  aReyno animal -- grupos de animales -- Sentidos de los animales -- Estuarios -- Aves de caza acuáticas -- Primates -- Artrópodos  aLexus Editores918613  fwww.lexuseditores.com  2ddccLIBROS  apbjrd21-01-2026  002ddc4070aSIbSIcCARTd2026-01-21eDonacióng30.00oES / 590.3 / L11pSI00005075r2026-01-21yLIBROS  002ddc4070aCPLbCPLcCARTd2026-01-21oES / 590.3 / L11 / e.2pSI00005076r2026-01-21yLIBROS